| 000 | 00355nam a2200145Ia 4500 | ||
|---|---|---|---|
| 008 | 210716s2004 xx 000 0 und d | ||
| 020 | _a140390988 | ||
| 041 | _aeng | ||
| 082 | _a658.312404 RAOT | ||
| 100 | _aRao, T V. | ||
| 245 | _aFuture of hrd. | ||
| 260 |
_aNew Delhi _bMacmillan _c2004 |
||
| 300 | _avii 218 | ||
| 650 | _aHuman Resource Development | ||
| 999 |
_c201661 _d201661 |
||